Internal Combustion Engines & gas turbines (Record no. 4958)

MARC details
000 -LEADER
fixed length control field 00437nam a22001697a 4500
005 - DATE AND TIME OF LATEST TRANSACTION
control field 20170920121712.0
008 - FIXED-LENGTH DATA ELEMENTS--GENERAL INFORMATION
fixed length control field 160630b xxu||||| |||| 00| 0 eng d
020 ## - INTERNATIONAL STANDARD BOOK NUMBER
ISBN 978-93-5014-189-2
041 ## - LANGUAGE CODE
Language code of text/sound track or separate title eng
082 ## - DEWEY DECIMAL CLASSIFICATION NUMBER
Item number 19979
Classification number 621.43
100 ## - MAIN ENTRY--AUTHOR NAME
Personal name Singh DR Sadhu
245 ## - TITLE STATEMENT
Title Internal Combustion Engines & gas turbines
260 ## - PUBLICATION, DISTRIBUTION, ETC. (IMPRINT)
Name of publisher S.K. Kataria & Sons
Year of publication 2014
300 ## - PHYSICAL DESCRIPTION
Number of Pages 474
650 ## - SUBJECT ADDED ENTRY--TOPICAL TERM
Topical Term Diploma Engineering
942 ## - ADDED ENTRY ELEMENTS (KOHA)
Koha item type Books
Holdings
Lost status Damaged status Home library Current library Shelving location Date acquired Cost, normal purchase price Full call number Accession Number Koha item type Collection code
    JRU Library   SHELF-44-K 30/06/2016 275.00 621.43 19979 Books  
    JRU Library   SHELF-44-K 30/06/2016 275.00 621.43 19980 Books  
    JRU Library   SHELF-44-K 30/06/2016 275.00 621.43 19981 Books  
    JRU Library   SHELF-44-K 30/06/2016 275.00 621.43 19982 Books  
    JRU Library   SHELF-30-D 30/06/2016 275.00 621.433 19983 Books Reference
    JRU Library   SHELF-44-K 30/06/2016 275.00 621.43 19984 Books  
    JRU Library   SHELF-44-K 30/06/2016 275.00 621.43 19985 Books  
    JRU Library   SHELF-44-K 30/06/2016 275.00 621.43 19986 Books  
    JRU Library   SHELF-44-K 30/06/2016 275.00 621.43 19987 Books  
    JRU Library   SHELF-44-K 30/06/2016 275.00 621.43 19988 Books